000 00274nam a22001337a 4500
008 170908b xxu||||| |||| 00| 0 eng d
020 _a9781256211389
041 _aeng
080 _a91
100 _a42
101 _aGEO
245 _aGEOS
_cKANNEY.R.M
942 _2udc
_cBK
999 _c26930
_d26930